Reports on mathematical logic

Detalles Bibliográficos
Título anterior:Prace z logiki
Autores Corporativos: Uniwersytet Jagielloński, Uniwersytet Śląski w Katowicach
Formato: Electrónico Seriadas
Lenguaje:inglés
francés
alemán
ruso
Publicado: Warsaw, Polish Scientific Publishers, 1973-
Materias:
Acceso en línea:Full text available from Research Library: 01/01/2011 to present

MARC

LEADER 00000nas a2200000 4500
001 ssj0000562623
003 WaSeSS
005 20200512172242.0
006 m d
007 cr n
008 751125c19739999pl x s 0 a0eng c
010 |a  75646049  
016 7 |a 011246354  |2 Uk 
022 |a 2084-2589  |l 0137-2904  |y 0137-2904 
030 |a RMLODX 
035 |a (WaSeSS)ssj0000562623 
037 |b Centrala Handlu Zagranicznego "Ars Polana", ul. Krakowskie Przedmieście 7, Warsaw, Poland 
040 |a COO  |b eng  |c COO  |d DLC  |d OCL  |d AIP  |d OCL  |d AIP  |d NST  |d DLC  |d NST  |d CRL  |d HUL  |d DLC  |d OCLCQ  |d LVB  |d OCLCQ  |d UKMGB  |d IUL  |d OCLCF  |d CUS  |d OCLCQ  |d WaSeSS 
041 0 |a eng  |a fre  |a ger  |a rus 
042 |a pcc 
050 0 0 |a QA9.A1  |b R45 
210 0 |a Rep. math. logic 
222 0 |a Reports on mathematical logic 
245 0 0 |a Reports on mathematical logic  |h [electronic resource]. 
260 |a Warsaw,  |b Polish Scientific Publishers,  |c 1973- 
362 0 |a v. 1- 
506 |a License restrictions may limit access. 
546 |a English, French, German or Russian. 
550 |a Volumes for 1973-<74> issued by the Jagiellonian University of Cracow and the Silesian University of Katowice. 
650 0 |a Logic, Symbolic and mathematical. 
650 6 |a Logique symbolique et mathématique  |v Périodiques. 
650 7 |a Logic, Symbolic and mathematical.  |2 fast  |0 (OCoLC)fst01002068 
655 0 |a Electronic journals. 
710 2 |a Uniwersytet Jagielloński. 
710 2 |a Uniwersytet Śląski w Katowicach. 
780 0 0 |t Prace z logiki  |w (DLC) 66057401  |w (OCoLC)1876676 
787 1 |t Logic and logical philosophy  |x 1425-3305  |w (DLC) 95656562  |w (OCoLC)33217795 
850 |a AzU  |a CSt  |a CaBVaS  |a DLC  |a GU  |a ICRL  |a WU 
856 4 0 |z Full text available from Research Library: 01/01/2011 to present  |u https://search.proquest.com/publication/1316349